000 00819nam a2200181Ia 4500
008 100921s9999 xx 000 0 und d
082 _b28066
_a040 थ 96
100 _aखाडिलकर नीलकंठ यशवंत.
245 _aसंपूर्ण पॅ्रक्टिकल सोशॅलिझम.
260 _bशलाका प्रकाशन,मुंबई.
_c1996
300 _a153
_bरसिक साहित्य,पुणे
365 _b40
520 _aसंकीर्ण-लेख,निबंध.
630 _aसंपूर्ण पॅ्रक्टिकल सोशॅलिझम.
650 _aसंकीर्ण-लेख,निबंध.
730 _aसंपूर्ण पॅ्रक्टिकल सोशॅलिझम.
942 _cBOOK
999 _c777179
_d777176